000 00725nam a2200229Ia 4500
001 9829
003 GE_BSU
008 181216s||||||||xx |||||||||||||| ||und||
040 _cGE_BSU
080 _a821.353.1–1
100 _aმელია.იაკობ
245 _aფერად–ფერადი
245 _bრჩეული.ლექსები
245 _cრედ. შ.ზოიძე.მხატვ.გ.ხოჯაშვილი
260 _aბათუმი
260 _bსაბჭოთა აჭარა
260 _c1973
300 _a143გვ.16სმ.
653 _aრჩეული.ლექსები
653 _aფერად–ფერადი
942 _cBK
999 _c43108
_d43108